Clic Patrimoine de l'UNESCO - Quel pays en Europe ? - Statistiques

Statistiques générales
  • Ce quiz a été pris 85 fois
  • Le résultat moyen est 18 sur 44
Statistiques - réponses
Hint Extra Hint Réponse % Correct
Mont-Saint-Michel et sa baie France
95%
Cathédrale d'Aix-la-Chapelle Allemagne
89%
Cité du Vatican Vatican
89%
Centre historique de Florence Italie
86%
Ville de Luxembourg : vieux quartiers et fortifications Luxembourg
84%
Centre historique de Saint-Marin et mont Titano Saint-Martin
81%
Ville de La Valette Malte
79%
Cathédrale Notre-Dame de Tournai Belgique
77%
Centre historique de Cordoue Espagne
75%
Site archéologique de Delphes Grèce
75%
Centre historique de la ville de Salzbourg Autriche
74%
Centre historique de Riga Lettonie
71%
Noyau historique de Split avec le palais de Dioclétien Croatie
64%
Centre historique de Tallinn Estonie
62%
Réseau des moulins de Kinderdijk-Elshout Pays-Bas
56%
Quartier du Vieux pont de la vieille ville de Mostar Bosnie-Herzégovine
49%
Lviv - ensemble du centre historique Ukraine
48%
Couvent de Saint-Gall Suisse
42%
Delta du Danube Roumanie
41%
Villa Tugendhat à Brno Tchéquie
38%
Centre historique d'Évora Portugal
32%
Village-église de Gammelstad, Luleå Suède
32%
Forteresse de Suomenlinna Finlande
29%
Nécropole paléochrétienne de Pécs Hongrie
29%
Grottes de Škocjan Slovénie
29%
Jardins botaniques royaux de Kew Royaume-Uni
26%
Parc national de Þingvellir Islande
23%
Vlkolínec Village Slovaquie
22%
Monastère de Gherart et la haute vallée de l'Azat Arménie
21%
Églises peintes de la région de Troodos Chypre
21%
Forteresses circulaires de l'âge des Vikings Danemark
21%
Vieille ville de Zamość Pologne
21%
Monuments historiques de Mtskheta Géorgie
18%
Patrimoine naturel et culturel de la région d'Ohrid Macédoine
18%
Monastère de Studenica Serbie
18%
Butrint Site archéologique Albanie
16%
Great Skellig Ile Irlande
16%
La vallée du Madriu-Perafita-Claror Andorre
15%
Ensemble du château de Mir Biélorussie
15%
Monastère de Rila Bulgarie
14%
Isthme de Courlande Lituanie
14%
Cimetières de tombes médiévales stećci Monténégro
11%
Art rupestre d'Alta 5 sites Norvège
8%
Arc géodésique de Struve Moldavie
4%
Aucun quiz correspondant
Distribution des résultats
% des personnes avec chaque résultat
Percentile par nombre de réponses
Votre historique - résultats
Vous n’avez pas pris ce quiz